| 000 | 00434nam a22001577a 4500 | ||
|---|---|---|---|
| 020 | _a9788126554232 | ||
| 040 | _cNUST | ||
| 082 | _a510.2462 KRE | ||
| 100 |
_aKreyszig, Erwin _9572 |
||
| 110 |
_aKreyszig Herbert, Norminton, Edward J _983701 |
||
| 245 | _aAdvanced Engineering Mathematics | ||
| 250 | _a10th | ||
| 260 |
_aINDIA _bJohn Wiley & Sons _c2011 |
||
| 650 |
_aEngineering Mathematics-Advanced _983807 |
||
| 942 |
_2ddc _cBK |
||
| 999 |
_c586657 _d586657 |
||